Shadow of Youth Issues in Chetan Bhagat's Select Novels/ (Record no. 172259)

MARC details
000 -LEADER
fixed length control field 00539nam a22001817a 4500
005 - DATE AND TIME OF LATEST TRANSACTION
control field 20200130145454.0
010 ## - LCCN (DPL NO)
LC control number ENG-127578
020 ## - INTERNATIONAL STANDARD BOOK NUMBER
International Standard Book Number 9789388927468
Terms of availability 150.00
035 ## - SYSTEM CONTROL NUMBER
System control number EN-111110
037 ## - SOURCE OF ACQUISITION
Source of stock number/acquisition DBAD/PUB
082 ## - DEWEY DECIMAL CLASSIFICATION NUMBER
Classification number 880
100 ## - MAIN ENTRY--PERSONAL NAME
Personal name Dave,Vishal
245 ## - TITLE STATEMENT
Title Shadow of Youth Issues in Chetan Bhagat's Select Novels/
Statement of responsibility, etc by Vishal Dave
260 ## - PUBLICATION, DISTRIBUTION, ETC. (IMPRINT)
Place of publication, distribution, etc Ahmedabad
Name of publisher, distributor, etc Vedant Publication
Date of publication, distribution, etc 2019
270 ## - ADDRESS
City Ahmedabad
Address Rajkot, Ahmedabad, Surat
Postal code 360001
300 ## - PHYSICAL DESCRIPTION
Extent 112p.
Other physical details 20cm(pbk)
942 ## - ADDED ENTRY ELEMENTS (KOHA)
Source of classification or shelving scheme Dewey Decimal Classification
Item type English Books
Classification part 880
Call number suffix DAV
Holdings
Withdrawn status Lost status Not for loan Collection code Home library Current library Date acquired Source of acquisition Cost, normal purchase price Full call number Barcode Copy number Cost, replacement price Koha item type
      Non-fiction Sarojini Nagar Sarojini Nagar 30/01/2020 DBAD/PUB 150.00 880 DAV EN-111110 1 150.00 English Books

© Delhi Public Library
Hit Counter
free hit counter